[Event "OIBM2000 - Bank Hofmann"]
[Site "Bad Wiessee"]
[Date "2000.11.03"]
[Round "7"]
[White "Fischer, Ion"]
[Black "Muehlbach, Peter"]
[Result "1-0"]
[WhiteElo "2355"]
[BlackElo "2141"]
[PlyCount "59"]

1. c4 e5 2. Nc3 Nf6 3. g3 c6 4. Bg2 Bc5 5. e3 O-O 6. Nge2 Re8 7. d4 exd4 8.
exd4 Bb4 9. O-O d5 10. cxd5 Bg4 11. f3 Bf5 12. g4 Bg6 13. dxc6 Nxc6 14. Bg5 Be7
15. Kh1 Nd5 16. Nxd5 Bxg5 17. f4 Be4 18. Bxe4 Rxe4 19. Ndc3 Rxe2 20. Qxe2 Bf6
21. d5 Nb4 22. Rad1 Rc8 23. a3 Bxc3 24. bxc3 Na6 25. d6 Qd7 26. Qf3 Nb8 27.
Rfe1 Nc6 28. Qd5 g6 29. f5 Rd8 30. Re7 1-0

[Event "OIBM2000 - Bank Hofmann"]
[Site "Bad Wiessee"]
[Date "2000.11.03"]
[Round "7"]
[White "Kaminik, Aleksandar"]
[Black "Kalinitschew, Sergey"]
[Result "0-1"]
[WhiteElo "2190"]
[BlackElo "2491"]
[PlyCount "72"]
[EventDate "2000.??.??"]

1. d4 Nf6 2. c4 c5 3. d5 b5 4. cxb5 a6 5. b6 d6 6. Nc3 Nbd7 7. a4 a5 8. e4 g6
9. f4 Bg7 10. Nf3 O-O 11. Bb5 Nxb6 12. O-O e6 13. dxe6 Bxe6 14. f5 Bc4 15. Bxc4
Nxc4 16. Qe2 Nb6 17. fxg6 fxg6 18. Bg5 h6 19. Bh4 g5 20. Bf2 Nh5 21. g3 Qe7 22.
Nd2 Nf6 23. Rae1 Nbd7 24. Nc4 Rae8 25. Qd1 Qe6 26. Nxd6 Qh3 27. Kh1 Rb8 28.
Ncb5 Ne5 29. Bg1 Nh5 30. Rxf8+ Rxf8 31. Re3 Rf1 32. Qd5+ Kh7 33. Nf5 Ng4 34.
Re2 Nf2+ 35. Rxf2 Rxf2 36. Qd3 Qg2# 0-1

[Event "OIBM2000 - Bank Hofmann"]
[Site "Bad Wiessee"]
[Date "2000.11.03"]
[Round "7"]
[White "Beim, Valeri"]
[Black "Ristic, Nenad"]
[Result "1-0"]
[WhiteElo "2528"]
[BlackElo "2427"]
[PlyCount "81"]
[EventDate "2000.??.??"]

1. c4 c5 2. Nf3 Nc6 3. d4 cxd4 4. Nxd4 Nf6 5. Nc3 e6 6. a3 Be7 7. Bf4 d6 8. Bg3
O-O 9. e3 Nxd4 10. Qxd4 e5 11. Qd2 Be6 12. Be2 Rc8 13. b3 d5 14. cxd5 Nxd5 15.
Nxd5 Bxd5 16. Bxe5 Bxb3 17. Qxd8 Rfxd8 18. O-O b6 19. a4 Bc4 20. Bxc4 Rxc4 21.
Rfc1 Rdc8 22. Rxc4 Rxc4 23. h3 f6 24. Bd4 Bc5 25. Bxc5 Rxc5 26. Rd1 Ra5 27. Rd4
Kf7 28. e4 Ke6 29. f4 h5 30. Rc4 Kd6 31. Rd4+ Kc6 32. Kf2 b5 33. axb5+ Rxb5 34.
Ra4 a5 35. Ke3 Rb3+ 36. Kd4 Kb5 37. Ra2 a4 38. e5 f5 39. e6 Rb1 40. Re2 Kc6 41.
e7 1-0

[Event "OIBM2000 - Bank Hofmann"]
[Site "Bad Wiessee"]
[Date "2000.11.03"]
[Round "7"]
[White "Kindermann, Stefan"]
[Black "Wippermann, Till"]
[Result "1-0"]
[WhiteElo "2519"]
[BlackElo "2306"]
[PlyCount "83"]
[EventDate "2000.??.??"]

1. e4 c5 2. Nf3 d6 3. c3 Nf6 4. Be2 g6 5. O-O Bg7 6. Bb5+ Nbd7 7. Re1 O-O 8. d4
a6 9. Bf1 cxd4 10. cxd4 b5 11. e5 Nd5 12. Bg5 dxe5 13. dxe5 Nc5 14. Nc3 Bb7 15.
Nxd5 Bxd5 16. Rc1 Na4 17. b3 Nb6 18. a4 bxa4 19. bxa4 h6 20. Bh4 g5 21. Bg3 e6
22. Nd2 Bb7 23. a5 Nd5 24. Nc4 Rb8 25. Qd2 Ne7 26. Nd6 Bd5 27. Rc5 Nc6 28. f4
Qe7 29. f5 Nxe5 30. Rxe5 Bxe5 31. Bxe5 f6 32. Bg3 Rbd8 33. fxe6 Bxe6 34. Rc6 f5
35. Be5 Bd7 36. Qd5+ Be6 37. Qc5 f4 38. Qc2 Qh7 39. Bd3 Qa7+ 40. Rb6 f3 41. Bc4
f2+ 42. Kf1 1-0

[Event "OIBM2000 - Bank Hofmann"]
[Site "Bad Wiessee"]
[Date "2000.11.03"]
[Round "7"]
[White "Naumann, Alexander"]
[Black "Cladouras, Panagiotis"]
[Result "1/2-1/2"]
[WhiteElo "2489"]
[BlackElo "2338"]
[PlyCount "90"]
[EventDate "2000.??.??"]

1. e4 e5 2. Bc4 Nf6 3. d3 c6 4. Nf3 h6 5. O-O d6 6. Nbd2 Be7 7. Bb3 O-O 8. Re1
Nbd7 9. c3 g6 10. Nf1 Kg7 11. Ng3 Ng8 12. d4 Bg5 13. Nxg5 hxg5 14. Be3 Qe7 15.
Qd2 f6 16. Rad1 Re8 17. d5 c5 18. Ba4 Rd8 19. b4 cxb4 20. cxb4 Nb6 21. Bb3 Bd7
22. Rc1 Rdc8 23. Rxc8 Rxc8 24. Rc1 Qd8 25. Rc3 Rxc3 26. Qxc3 Ne7 27. Qc2 Qc8
28. Qxc8 Nexc8 29. Ne2 Na4 30. Bxa4 Bxa4 31. Nc3 Bd7 32. f3 Kf7 33. a4 Ke7 34.
g4 Kf7 35. Kg2 Ke7 36. b5 Be8 37. a5 a6 38. b6 Bd7 39. Na2 Bb5 40. Nb4 Kd8 41.
h4 gxh4 42. g5 f5 43. Bf2 fxe4 44. fxe4 Ne7 45. Bxh4 Bc4 1/2-1/2

[Event "OIBM2000 - Bank Hofmann"]
[Site "Bad Wiessee"]
[Date "2000.11.03"]
[Round "7"]
[White "Epishin, Vladimir"]
[Black "Gross, David"]
[Result "1-0"]
[WhiteElo "2567"]
[BlackElo "2484"]
[PlyCount "61"]
[EventDate "2000.??.??"]

1. d4 Nf6 2. c4 e6 3. Nc3 Bb4 4. e3 O-O 5. Nge2 d5 6. a3 Be7 7. cxd5 Nxd5 8.
Bd2 Nd7 9. Qc2 c5 10. Rd1 N5f6 11. g3 b6 12. Bg2 Rb8 13. O-O Bb7 14. e4 cxd4
15. Nxd4 a6 16. Rfe1 Qc7 17. Nd5 Nxd5 18. exd5 Qxc2 19. Nxc2 Bf6 20. Bf4 e5 21.
Be3 a5 22. a4 Rfc8 23. Na3 Nc5 24. Bxc5 Rxc5 25. Nb5 Rd8 26. d6 Bxg2 27. Kxg2
Kf8 28. Rc1 Rdc8 29. Nc7 Bd8 30. Rxc5 bxc5 31. Rxe5 1-0

[Event "OIBM2000 - Bank Hofmann"]
[Site "Bad Wiessee"]
[Date "2000.11.03"]
[Round "7"]
[White "Golod, Vitali"]
[Black "Gutman, Lev"]
[Result "1/2-1/2"]
[WhiteElo "2590"]
[BlackElo "2533"]
[PlyCount "121"]
[EventDate "2000.??.??"]

1. Nf3 Nf6 2. c4 g6 3. Nc3 Bg7 4. e4 O-O 5. d4 c6 6. Bd3 d6 7. h3 Na6 8. Bg5
Nb4 9. Bb1 a5 10. O-O Nd7 11. a3 Na6 12. Bd3 Nc7 13. Qd2 Qe8 14. Bh6 e5 15.
Rfe1 Ne6 16. Bxg7 Kxg7 17. Bf1 Nf4 18. Rad1 Qe7 19. g3 Nh5 20. Na4 Re8 21. Qc3
c5 22. dxe5 dxe5 23. h4 Nhf6 24. Bh3 Ra6 25. Kh2 Kg8 26. Qe3 Nb6 27. Nxb6 Rxb6
28. Bxc8 Rxc8 29. Qc3 a4 30. Kg2 Rb3 31. Qc2 Rc6 32. Nd2 Rbb6 33. Nf1 Rd6 34.
Rxd6 Qxd6 35. Rd1 Qc6 36. f3 Rb3 37. Nd2 Rb6 38. Nf1 Rb3 39. Rd3 Rxd3 40. Qxd3
Qb6 41. Qc2 Nh5 42. Ne3 Qa5 43. Kf2 Nf6 44. Nd5 Nxd5 45. exd5 Kf8 46. Qe2 Qc7
47. Qe3 Qd6 48. b3 axb3 49. Qxb3 b6 50. Qe3 Kg8 51. h5 Qf6 52. hxg6 hxg6 53. a4
Qf5 54. Qe4 Qh5 55. Kg2 Qg5 56. Qd3 Qc1 57. f4 Kf8 58. fxe5 Qb2+ 59. Kf3 Qxe5
60. Qd2 Qa1 61. Qh6+ 1/2-1/2

[Event "OIBM2000 - Bank Hofmann"]
[Site "Bad Wiessee"]
[Date "2000.11.03"]
[Round "7"]
[White "Meduna, Eduard"]
[Black "Landa, Konstantin"]
[Result "1/2-1/2"]
[WhiteElo "2482"]
[BlackElo "2610"]
[PlyCount "144"]
[EventDate "2000.??.??"]

1. d4 e6 2. c4 b6 3. Nf3 Bb7 4. Bf4 Bb4+ 5. Nfd2 Nf6 6. e3 O-O 7. a3 Bxd2+ 8.
Nxd2 d6 9. Qc2 Nbd7 10. O-O-O Qe7 11. f3 c5 12. dxc5 Nxc5 13. Nb3 Nxb3+ 14.
Qxb3 d5 15. Kb1 Rfc8 16. Bd3 Nh5 17. Be5 dxc4 18. Bxc4 Qc5 19. Bc3 Qxe3 20.
Rhe1 Qf4 21. Be5 Qf5+ 22. Bd3 Qg5 23. g4 Bd5 24. Qa4 Bc6 25. Qd4 Rd8 26. Qc3
Bxf3 27. gxh5 Bxd1 28. Rxd1 Rac8 29. Qe1 Rd5 30. Bc3 Qxh5 31. Rd2 Rcd8 32. Qg3
e5 33. Ka2 g6 34. Be2 Qf5 35. Rxd5 Rxd5 36. Bc4 Rc5 37. Bb3 Kg7 38. Qh4 g5 39.
Qe1 a5 40. Bd2 h5 41. Be3 Rc6 42. Qg1 b5 43. Bxg5 a4 44. Bd1 Rg6 45. h4 Qe6+
46. Kb1 f6 47. Qa7+ Qf7 48. Qxf7+ Kxf7 49. Bd2 Rg2 50. Bxh5+ Ke6 51. Kc1 f5 52.
Be8 Rh2 53. Bxb5 Rxh4 54. Bb4 Rh1+ 55. Kd2 f4 56. Bxa4 e4 57. Bc6 Kf5 58. a4
Rh2+ 59. Kc3 Rh6 60. Bb5 f3 61. Kd4 Rh2 62. Bd7+ Kg5 63. Be7+ Kg6 64. Kxe4 Re2+
65. Kxf3 Rxe7 66. Bc6 Kf5 67. a5 Ke5 68. b4 Kd6 69. Be4 Re8 70. a6 Kc7 71. a7
Kb6 72. a8=Q Rxa8 1/2-1/2

[Event "OIBM2000 - Bank Hofmann"]
[Site "Bad Wiessee"]
[Date "2000.11.03"]
[Round "7"]
[White "Prusikin, Michael"]
[Black "Glek, Igor"]
[Result "1/2-1/2"]
[WhiteElo "2460"]
[BlackElo "2553"]
[PlyCount "192"]
[EventDate "2000.??.??"]

1. d4 Nf6 2. Nf3 g6 3. Bg5 Bg7 4. c3 O-O 5. Nbd2 d5 6. e3 c5 7. Be2 Qb6 8. Qb3
c4 9. Qxb6 axb6 10. O-O Nc6 11. b3 cxb3 12. axb3 Bf5 13. h3 Rfc8 14. b4 h6 15.
Bh4 g5 16. Bg3 e6 17. Rfc1 Bf8 18. Kf1 Ne4 19. Nxe4 Bxe4 20. Nd2 Bg6 21. Rxa8
Rxa8 22. b5 Na5 23. Bc7 Ba3 24. Rd1 Bb2 25. Bxb6 Bxc3 26. Nf3 Nb3 27. Ne1 Ra2
28. Bd3 Nd2+ 29. Kg1 Nc4 30. Bxg6 fxg6 31. Bc7 Rb2 32. b6 Bxe1 33. Rxe1 Nxb6
34. Bxb6 Rxb6 35. Kh2 Kf7 36. Kg3 Ke7 37. Ra1 Ra6 38. Rb1 b6 39. h4 gxh4+ 40.
Kxh4 Kd7 41. Kg4 Kc7 42. Rh1 Ra2 43. Rxh6 Rxf2 44. g3 Rf6 45. Rh7+ Kc6 46. Re7
Kd6 47. Rb7 Kc6 48. Re7 b5 49. Kg5 Rf5+ 50. Kg4 Kd6 51. Rb7 Kc6 52. Re7 b4 53.
Rxe6+ Kb5 54. Rxg6 Rf8 55. Rd6 b3 56. Rxd5+ Kb4 57. Rd7 Rb8 58. Rh7 b2 59. Rh1
Kc3 60. Kf5 b1=Q+ 61. Rxb1 Rxb1 62. g4 Kc4 63. Ke6 Rg1 64. d5 Rxg4 65. d6 Rg6+
66. Ke7 Kd5 67. d7 Rg7+ 68. Ke8 Ke6 69. d8=N+ Kf6 70. Nc6 Rc7 71. Nd4 Re7+ 72.
Kd8 Rxe3 73. Kc7 Ke5 74. Nc6+ Ke6 75. Nd8+ Kd5 76. Nb7 Re7+ 77. Kb6 Rd7 78. Nc5
Rd6+ 79. Kb5 Rd8 80. Nb7 Rh8 81. Kb6 Rc8 82. Na5 Rc1 83. Nb7 Rc2 84. Na5 Rb2+
85. Kc7 Rb4 86. Nb7 Rb5 87. Nd8 Rc5+ 88. Kb6 Rc1 89. Nb7 Rh1 90. Kc7 Rh6 91.
Nd8 Rh7+ 92. Kb6 Rh8 93. Nb7 Rh7 94. Nd8 Rh1 95. Nb7 Rb1+ 96. Kc7 Rxb7+ 1/2-1/2

[Event "OIBM2000 - Bank Hofmann"]
[Site "Bad Wiessee"]
[Date "2000.11.04"]
[Round "8"]
[White "Froehlich, Peter"]
[Black "Lau, Ralf"]
[Result "1-0"]
[WhiteElo "2440"]
[BlackElo "2498"]
[PlyCount "63"]
[EventDate "2000.??.??"]
[Source "TV Tegernsee"]
[SourceDate "2000.10.06"]

1. Nf3 g6 2. d4 Bg7 3. g3 d6 4. Bg2 Nd7 5. d5 Ngf6 6. O-O O-O 7. Re1 Nc5 8. c4
a5 9. Nd4 e5 10. dxe6 fxe6 11. Nc3 Qe7 12. h3 Nfd7 13. Be3 Nb6 14. b3 a4 15.
Rb1 axb3 16. axb3 Rd8 17. Qc1 Kh8 18. Rd1 Nbd7 19. b4 Na6 20. Ra1 Nb6 21. Bg5
Bf6 22. Bxf6+ Qxf6 23. Ne4 Qe7 24. b5 Nc5 25. Rxa8 Nxa8 26. Nxc5 dxc5 27. Nf5
Rxd1+ 28. Qxd1 Qf6 29. Ne7 Qxe7 30. Qa1+ Kg8 31. Qxa8 Qf8 32. Qb8 1-0

[Event "OIBM2000 - Bank Hofmann"]
[Site "Bad Wiessee"]
[Date "2000.11.04"]
[Round "8"]
[White "Grabarska, Barbara"]
[Black "Kruek, Josef"]
[Result "1-0"]
[WhiteElo "2318"]
[BlackElo "2041"]
[PlyCount "47"]
[EventDate "2000.??.??"]
[Source "TV Tegernsee"]
[SourceDate "2000.10.06"]

1. e4 d5 2. exd5 Nf6 3. d4 Nxd5 4. Nf3 Bf5 5. Be2 e6 6. O-O Nd7 7. a3 c5 8. c4
N5f6 9. Nc3 Nb6 10. Be3 Rc8 11. Nb5 a6 12. dxc5 Qxd1 13. Rfxd1 axb5 14. cxb6
bxc4 15. Rac1 c3 16. Bb5+ Ke7 17. Rxc3 Rxc3 18. bxc3 Nd5 19. Bc5+ Kf6 20. Bd4+
Ke7 21. c4 Nf4 22. c5 e5 23. Bxe5 Ne6 24. Rd7+ 1-0

[Event "OIBM2000 - Bank Hofmann"]
[Site "Bad Wiessee"]
[Date "2000.11.04"]
[Round "8"]
[White "Khenkin, Igor"]
[Black "Meduna, Eduard"]
[Result "1-0"]
[WhiteElo "2633"]
[BlackElo "2482"]
[PlyCount "77"]
[EventDate "2000.??.??"]
[Source "TV Tegernsee"]
[SourceDate "2000.10.06"]

1. Nf3 Nf6 2. c4 c6 3. Nc3 d5 4. e3 Bg4 5. cxd5 Bxf3 6. Qxf3 cxd5 7. d4 Nc6 8.
g4 e6 9. g5 Ne4 10. Nxe4 dxe4 11. Qxe4 Bb4+ 12. Kd1 Qxg5 13. a3 Bd6 14. Bd2 O-O
15. h4 Qe7 16. Bc4 e5 17. d5 Nb8 18. Qf5 Nd7 19. h5 e4 20. Rc1 a5 21. Rg1 Be5
22. Qxe4 Qd6 23. Bc3 Rae8 24. Qg2 g6 25. Bxa5 Bxb2 26. Bb4 Qf6 27. Rc2 Bxa3 28.
Bxa3 Qa1+ 29. Bc1 Ne5 30. hxg6 hxg6 31. Rh1 Kg7 32. f4 Nxc4 33. Rxc4 Rxe3 34.
Qb2+ Qxb2 35. Bxb2+ f6 36. Rc7+ Kg8 37. Kd2 Re4 38. Rhh7 Ra8 39. Bxf6 1-0

[Event "OIBM2000 - Bank Hofmann"]
[Site "Bad Wiessee"]
[Date "2000.11.04"]
[Round "8"]
[White "Muse, Mladen"]
[Black "Gerstenberger, Heinz"]
[Result "1-0"]
[WhiteElo "2510"]
[BlackElo "2197"]
[PlyCount "83"]
[EventDate "2000.??.??"]
[Source "TV Tegernsee"]
[SourceDate "2000.10.06"]

1. d4 e6 2. c4 b6 3. a3 Bb7 4. Nf3 f5 5. g3 Nf6 6. Bg2 Be7 7. d5 exd5 8. Nd4
O-O 9. Nc3 Ne4 10. Nxd5 Bc5 11. O-O c6 12. Ne3 g6 13. Qd3 Nf6 14. b4 Bxd4 15.
Qxd4 c5 16. bxc5 Bxg2 17. Nxg2 Nc6 18. Qd6 Na5 19. Bh6 Rf7 20. cxb6 Nxc4 21.
Qd4 Nxb6 22. Ne3 Rc8 23. Rfc1 Ne4 24. a4 Qf6 25. Qxf6 Rxf6 26. a5 Rxc1+ 27.
Rxc1 Na4 28. Rc8+ Kf7 29. Rc7 Ra6 30. Rxd7+ Ke6 31. Rxh7 Rxa5 32. Rg7 Kf6 33.
Rc7 Nb6 34. f3 Nd6 35. h4 Ke6 36. Rg7 Kf6 37. g4 f4 38. g5+ Ke5 39. Ng4+ Kf5
40. Kf2 Ra2 41. Re7 Ra5 42. Bg7 1-0

[Event "OIBM2000 - Bank Hofmann"]
[Site "Bad Wiessee"]
[Date "2000.11.04"]
[Round "8"]
[White "Pezerovic, Edin"]
[Black "Rabiega, Robert"]
[Result "1/2-1/2"]
[WhiteElo "2426"]
[BlackElo "2487"]
[PlyCount "157"]
[EventDate "2000.??.??"]
[Source "TV Tegernsee"]
[SourceDate "2000.10.06"]

1. Nf3 d5 2. d4 Nc6 3. g3 Bf5 4. Bg2 e6 5. b3 Nb4 6. Na3 c6 7. O-O h6 8. c3 Na6
9. Nd2 Nf6 10. Bb2 Be7 11. Nc2 O-O 12. b4 Nc7 13. f3 a5 14. e4 Bg6 15. Qe2 Nd7
16. f4 dxe4 17. Nxe4 axb4 18. cxb4 Nd5 19. a3 b5 20. Ne3 N7b6 21. Rfc1 Na4 22.
Nxd5 exd5 23. Nf2 Ra6 24. Bh3 Be4 25. Ng4 Bf6 26. Rf1 Nb6 27. Ne5 Nc4 28. Bc1
Qb6 29. Qf2 Qa7 30. Rd1 Bxe5 31. dxe5 Qxf2+ 32. Kxf2 Rfa8 33. Bd7 Kf8 34. Ra2
Ke7 35. Bg4 Nxa3 36. Be3 Nc4 37. Bc5+ Ke8 38. Re2 Ra2 39. Bd4 Bc2 40. Rde1 Bd3
41. Rxa2 Rxa2+ 42. Kg1 Be4 43. Ra1 Rxa1+ 44. Bxa1 Ne3 45. Be2 Nc2 46. Bc3 d4
47. Bd2 Ke7 48. Bg4 g6 49. Kf2 h5 50. Bh3 d3 51. g4 hxg4 52. Bxg4 Bf5 53. Bf3
Nd4 54. Bg2 Kd7 55. h4 Nc2 56. Bf3 Nd4 57. Bg2 Kc7 58. Bc3 Nc2 59. Bf3 Kd7 60.
h5 gxh5 61. Bxh5 Be6 62. Bd1 c5 63. Bxc2 dxc2 64. Bb2 cxb4 65. Ke3 Bf5 66. Kd2
Kc6 67. Kc1 Kd5 68. Ba1 Kc4 69. Bb2 Kd3 70. Ba1 Ke3 71. Bb2 Kxf4 72. Ba1 Ke3
73. Bb2 Kd3 74. Ba1 b3 75. Bb2 b4 76. Ba1 b2+ 77. Bxb2 b3 78. Ba1 b2+ 79. Bxb2
1/2-1/2

[Event "OIBM2000 - Bank Hofmann"]
[Site "Bad Wiessee"]
[Date "2000.11.04"]
[Round "8"]
[White "Prusikin, Michael"]
[Black "Gyimesi, Zoltan"]
[Result "1/2-1/2"]
[WhiteElo "2460"]
[BlackElo "2539"]
[PlyCount "73"]
[EventDate "2000.??.??"]
[Source "TV Tegernsee"]
[SourceDate "2000.10.06"]

1. d4 Nf6 2. Nf3 d5 3. c4 e6 4. Nc3 dxc4 5. e3 a6 6. Bxc4 c5 7. a4 Nc6 8. O-O
Be7 9. Qe2 Qc7 10. Rd1 O-O 11. b3 b6 12. Bb2 cxd4 13. exd4 Nb4 14. Rac1 Qd8 15.
Ne5 Bb7 16. Ba3 Nbd5 17. Bxe7 Qxe7 18. Nxd5 Nxd5 19. Bxd5 Bxd5 20. Rc3 Qb7 21.
f3 Rfc8 22. Rdd3 b5 23. Qc2 f6 24. Ng4 bxa4 25. bxa4 Rxc3 26. Rxc3 Rb8 27. a5
Qb1+ 28. Qxb1 Rxb1+ 29. Kf2 Rb2+ 30. Kg3 Ra2 31. Rc5 Ra4 32. Ne3 Rxd4 33. Rc8+
Kf7 34. Rc7+ Kg6 35. Ra7 Bc4 36. Nxc4 Rxc4 37. Rxa6 1/2-1/2

[Event "OIBM2000 - Bank Hofmann"]
[Site "Bad Wiessee"]
[Date "2000.11.04"]
[Round "8"]
[White "Ristic, Nenad"]
[Black "Barthel, Ansgar"]
[Result "1-0"]
[WhiteElo "2427"]
[BlackElo "2236"]
[PlyCount "81"]
[EventDate "2000.??.??"]
[Source "TV Tegernsee"]
[SourceDate "2000.10.06"]

1. e4 Nf6 2. e5 Nd5 3. d4 d6 4. Nf3 Bg4 5. Be2 c6 6. O-O Bxf3 7. Bxf3 dxe5 8.
dxe5 e6 9. Qe2 Qc7 10. c4 Ne7 11. Bh5 Nd7 12. f4 Nf5 13. Nc3 Be7 14. Bg4 O-O
15. Ne4 Nc5 16. Bxf5 exf5 17. Nf2 Ne6 18. g4 g6 19. Be3 Ng7 20. h3 Rfe8 21. Qf3
Rad8 22. Rae1 Bb4 23. Re2 Bf8 24. Nh1 Qd7 25. b3 a5 26. Kg2 Qe6 27. Nf2 a4 28.
Kh1 axb3 29. axb3 Ra8 30. Rd1 Red8 31. Red2 Rxd2 32. Rxd2 Bb4 33. Rd3 Be7 34.
Qd1 Kf8 35. Kg2 Qc8 36. Rd7 Ne6 37. gxf5 gxf5 38. Rd3 Nc5 39. Rd6 Bxd6 40.
Qxd6+ Ke8 41. Bxc5 1-0

[Event "OIBM2000 - Bank Hofmann"]
[Site "Bad Wiessee"]
[Date "2000.11.04"]
[Round "8"]
[White "Roetgen, Juergen"]
[Black "Lomineishvili, Maia"]
[Result "1/2-1/2"]
[WhiteElo "2185"]
[BlackElo "2376"]
[PlyCount "84"]
[EventDate "2000.??.??"]
[Source "TV Tegernsee"]
[SourceDate "2000.10.06"]

1. d4 Nf6 2. c4 g6 3. Nc3 Bg7 4. e4 d6 5. h3 Nbd7 6. Bg5 O-O 7. Nf3 e5 8. d5 a5
9. Be2 Nc5 10. Nd2 c6 11. O-O cxd5 12. cxd5 Bd7 13. b3 Qb8 14. a4 h6 15. Be3
Ne8 16. Bb5 Bxb5 17. Nxb5 b6 18. Qe2 f5 19. f3 Rf7 20. Rad1 Nf6 21. Bxc5 bxc5
22. Nc4 Bf8 23. Kh2 f4 24. Qe1 Qd8 25. Rf2 Nh5 26. Rc2 Be7 27. Qc3 Ng3 28. Nxe5
dxe5 29. Qxe5 Bf8 30. d6 Qh4 31. Qxc5 Re8 32. Qd5 Nxe4 33. fxe4 Qg3+ 34. Kg1 f3
35. Rf1 Rc8 36. Rcf2 Kg7 37. Qd4+ Kh7 38. Rxf3 Rxf3 39. Rxf3 Rc1+ 40. Rf1 Rc2
41. Qa7+ Bg7 42. Rf2 Rc1+ 1/2-1/2

[Event "OIBM2000 - Bank Hofmann"]
[Site "Bad Wiessee"]
[Date "2000.11.04"]
[Round "8"]
[White "Volokitin, Andrei"]
[Black "Tauber, Manfred"]
[Result "1-0"]
[WhiteElo "2447"]
[BlackElo "2241"]
[PlyCount "91"]
[EventDate "2000.??.??"]
[Source "TV Tegernsee"]
[SourceDate "2000.10.06"]

1. e4 e6 2. d4 d5 3. Nc3 dxe4 4. Nxe4 Bd7 5. Nf3 Bc6 6. Bd3 Bxe4 7. Bxe4 c6 8.
Qe2 Nd7 9. Bd2 Ndf6 10. Bd3 g6 11. O-O-O Bg7 12. c3 Ne7 13. Ne5 O-O 14. h4 c5
15. dxc5 Qa5 16. Bg5 Ned5 17. Kb1 Qxc5 18. h5 Rfe8 19. hxg6 hxg6 20. Rde1 a6
21. Qf3 b5 22. Be4 Ra7 23. Bxd5 Nxd5 24. Qh3 Rc7 25. Qh7+ Kf8 26. Bh6 Bxh6 27.
Qxh6+ Ke7 28. Qg7 Kd8 29. Nxf7+ Kc8 30. Rh8 Rxh8 31. Qxh8+ Kb7 32. Nd8+ Ka7 33.
Qd4 Qxd4 34. cxd4 Nf4 35. Nxe6 Re7 36. Re4 Nxg2 37. d5 Rd7 38. Re5 Kb6 39. b4
Rd6 40. Kc2 a5 41. bxa5+ Kxa5 42. Kd3 Nh4 43. Nd4 Rf6 44. Re6 Rf8 45. Nb3+ Kb4
46. Re4+ 1-0

[Event "OIBM2000 - Bank Hofmann"]
[Site "Bad Wiessee"]
[Date "2000.11.05"]
[Round "9"]
[White "Agdestein, Simen"]
[Black "Prusikin, Michael"]
[Result "1-0"]
[WhiteElo "2590"]
[BlackElo "2460"]
[PlyCount "55"]
[EventDate "2000.??.??"]
[Source "TV Tegernsee"]
[SourceDate "2000.10.06"]

1. d4 Nf6 2. c4 c5 3. d5 b5 4. Nf3 g6 5. cxb5 a6 6. Qc2 Nxd5 7. Qxc5 Qc7 8.
Qxc7 Nxc7 9. b6 Nd5 10. Nc3 Nxb6 11. Be3 Nc4 12. Bd4 f6 13. Nd5 e5 14. Rc1 exd4
15. Rxc4 Kf7 16. Rxc8 Bb4+ 17. Nxb4 Rxc8 18. Nxd4 a5 19. Nd3 Na6 20. Kd2 Nb4
21. Nc1 Rab8 22. b3 a4 23. e3 axb3 24. axb3 Ra8 25. Bb5 d6 26. Ba4 Na6 27. Bc6
Ra7 28. Nb5 1-0

[Event "OIBM2000 - Bank Hofmann"]
[Site "Bad Wiessee"]
[Date "2000.11.05"]
[Round "9"]
[White "Bunzmann, Dimitrij"]
[Black "Gutman, Lev"]
[Result "1/2-1/2"]
[WhiteElo "2484"]
[BlackElo "2533"]
[PlyCount "112"]
[EventDate "2000.??.??"]
[Source "TV Tegernsee"]
[SourceDate "2000.10.06"]

1. d4 Nf6 2. Nf3 g6 3. c4 Bg7 4. Nc3 O-O 5. e4 c6 6. Bd3 d6 7. h3 Qb6 8. O-O e5
9. Be3 exd4 10. Bxd4 c5 11. Be3 Nc6 12. Rb1 Qc7 13. a3 h6 14. Bc2 Be6 15. Nd5
Qd8 16. Qc1 Kh7 17. Rd1 Nd7 18. b4 cxb4 19. axb4 Rc8 20. c5 dxc5 21. bxc5 Qa5
22. Nd2 Qa6 23. Nb3 Bxd5 24. Bd3 Qa4 25. exd5 Nb4 26. Bf1 Na2 27. Qc2 Nc3 28.
Ra1 Qh4 29. Rd3 Nb5 30. Rc1 Qa4 31. Qb1 Ne5 32. Rd2 Rfd8 33. f4 Na3 34. Qa2 Qe4
35. Bf2 Nec4 36. Bxc4 Nxc4 37. Rdc2 b5 38. cxb6 axb6 39. Nd2 Nxd2 40. Rxc8 Rxd5
41. Re1 Qf5 42. Rc2 Ra5 43. Rxd2 Rxa2 44. Rxa2 Qxf4 45. Bxb6 Be5 46. Rf2 Qh2+
47. Kf1 f6 48. Rf3 g5 49. Bg1 Qh1 50. Rxe5 fxe5 51. Rf5 e4 52. Re5 g4 53. hxg4
Qh4 54. Rxe4 Qf6+ 55. Bf2 Qc6 56. Rd4 Qe6 1/2-1/2

[Event "OIBM2000 - Bank Hofmann"]
[Site "Bad Wiessee"]
[Date "2000.11.05"]
[Round "9"]
[White "Gavrikov, Viktor"]
[Black "Ristic, Nenad"]
[Result "1-0"]
[WhiteElo "2549"]
[BlackElo "2427"]
[PlyCount "87"]
[EventDate "2000.??.??"]
[Source "TV Tegernsee"]
[SourceDate "2000.10.06"]

1. e4 c5 2. Nf3 e6 3. d4 cxd4 4. Nxd4 Qb6 5. Nb3 Nc6 6. g3 Nf6 7. Bg2 d5 8.
exd5 Nxd5 9. O-O Be7 10. c4 Nf6 11. Nc3 O-O 12. Qe2 e5 13. Be3 Qa6 14. Nb5 Bg4
15. f3 Be6 16. Nc5 Bxc5 17. Bxc5 Rfc8 18. b3 Qa5 19. Bf2 a6 20. Nd6 Rc7 21. f4
exf4 22. Nxb7 Qb4 23. Nc5 Bg4 24. Qe1 f3 25. Qxb4 Nxb4 26. Bh1 g5 27. h3 Bxh3
28. Bxf3 Rac8 29. a3 Nc2 30. Ra2 Bxf1 31. Kxf1 Rxc5 32. Bxc5 Rxc5 33. Rxc2 Rf5
34. Kg2 g4 35. Bb7 Ra5 36. a4 Nd7 37. Bc6 Ne5 38. b4 Nxc6 39. bxa5 Nxa5 40. c5
Nc6 41. Rd2 Kf8 42. Rd6 Nb4 43. c6 Ke7 44. c7 1-0

[Event "OIBM2000 - Bank Hofmann"]
[Site "Bad Wiessee"]
[Date "2000.11.05"]
[Round "9"]
[White "Hertneck, Gerald"]
[Black "Khenkin, Igor"]
[Result "1/2-1/2"]
[WhiteElo "2541"]
[BlackElo "2633"]
[PlyCount "42"]
[EventDate "2000.??.??"]
[Source "TV Tegernsee"]
[SourceDate "2000.10.06"]

1. d4 d5 2. c4 e6 3. Nf3 c6 4. Nbd2 Nf6 5. g3 c5 6. Bg2 Nc6 7. cxd5 exd5 8. O-O
Be7 9. dxc5 Bxc5 10. Nb3 Bb6 11. Qd3 O-O 12. Be3 Re8 13. Bxb6 Qxb6 14. Nfd4 Bd7
15. Rfc1 Ne4 16. e3 Ne5 17. Qe2 h5 18. f3 Nf6 19. Rc3 Re7 20. Qf2 Rae8 21. Re1
g6 1/2-1/2

[Event "OIBM2000 - Bank Hofmann"]
[Site "Bad Wiessee"]
[Date "2000.11.05"]
[Round "9"]
[White "Mikhalevski, Victor"]
[Black "Ekstroem, Roland"]
[Result "0-1"]
[WhiteElo "2532"]
[BlackElo "2487"]
[PlyCount "60"]
[EventDate "2000.??.??"]
[Source "TV Tegernsee"]
[SourceDate "2000.10.06"]

1. d4 Nf6 2. c4 c5 3. d5 b5 4. Bg5 Ne4 5. Bf4 Qa5+ 6. Nd2 d6 7. f3 Nf6 8. e4 e6
9. Kf2 Be7 10. Ne2 O-O 11. a3 exd5 12. cxd5 Nh5 13. Be3 f5 14. exf5 Bxf5 15.
Ng3 Bh4 16. b4 Qc7 17. Bxb5 Nd7 18. Kg1 Bxg3 19. hxg3 Nxg3 20. Rh2 Bg6 21. Bf2
Nh5 22. Rc1 Rab8 23. Qa4 Nf4 24. Re1 Ne5 25. bxc5 Ned3 26. Bxd3 Nxd3 27. Rf1
Nxf2 28. cxd6 Qc5 29. Rxf2 Rb2 30. Qc4 Rb1+ 0-1

[Event "OIBM2000 - Bank Hofmann"]
[Site "Bad Wiessee"]
[Date "2000.11.05"]
[Round "9"]
[White "Volokitin, Andrei"]
[Black "Savchenko, Stanislav"]
[Result "1-0"]
[WhiteElo "2447"]
[BlackElo "2579"]
[PlyCount "65"]
[EventDate "2000.??.??"]
[Source "TV Tegernsee"]
[SourceDate "2000.10.06"]

1. e4 c5 2. Nf3 d6 3. d4 cxd4 4. Nxd4 Nf6 5. Nc3 a6 6. Be2 e6 7. O-O Be7 8. f4
Qc7 9. a4 Nc6 10. Be3 O-O 11. Kh1 Re8 12. a5 Nxa5 13. e5 dxe5 14. fxe5 Qxe5 15.
Bf4 Qc5 16. Na4 Qa7 17. Bc7 b5 18. Nb6 Rb8 19. Bxb8 Qxb6 20. Be5 Nc4 21. Bxc4
bxc4 22. Qe2 Bb7 23. Qxc4 Ng4 24. Qe2 Nxe5 25. Qxe5 Bf6 26. Rxf6 gxf6 27. Qxf6
Rd8 28. Nf5 Bxg2+ 29. Kxg2 Qc6+ 30. Kg3 Qc7+ 31. Kh3 exf5 32. Rg1+ Kf8 33. Re1
1-0